5 Najludniejszych państw według kontynentów - Statystyki

Ogólne statystyki
  • Ten quiz został rozwiązany 137 razy
  • Średni wynik to 26 z 30
Statystyki odpowiedzi
Liczba ludności Państwo % Poprawnych
340,000,000 Stany Zjednoczone
97%
46,000,000 Argentyna
96%
220,000,000 Brazylia
96%
1,400,000,000 Chiny
96%
68,000,000 Francja
96%
140,000,000 Rosja
96%
1,400,000,000 Indie
95%
38,000,000 Kanada
95%
24,000,000 Australia
94%
130,000,000 Meksyk
94%
85,000,000 Niemcy
94%
67,000,000 Wielka Brytania
94%
61,000,000 Włochy
92%
4,000,000 Nowa Zelandia
91%
105,000,000 Egipt
90%
50,000,000 Kolumbia
90%
32,000,000 Peru
87%
60,000,000 Republika Południowej Afryki
87%
220,000,000 Nigeria
86%
29,000,000 Wenezuela
85%
280,000,000 Indonezja
82%
110,000,000 Demokratyczna Republika Konga
79%
11,000,000 Kuba
78%
240,000,000 Pakistan
77%
5,000,000 Papua Nowa Gwinea
70%
165,000,000 Bangladesz
69%
115,000,000 Etiopia
69%
850,000 Fidżi
66%
18,000,000 Gwatemala
64%
500,000 Wyspy Salomona
54%
Nie znaleziono quizów pasujących do podanych kryteriów
Rozkład punktacji
Procent ludzi z każdym wynikiem
Percentyl według liczby udzielonych odpowiedzi
Twoja historia wyników
Nie rozwiązałeś tego quizu